Представление документа в формате MARC21

ПолеНазваниеЗначение
  Тип записи a
  Библиографический уровень m
001 Контрольный номер RU/URAIT/585537
005 Дата корректировки 20260429163618.6
008 Кодируемые данные 260429s2026 RU y f j 000 0 rus u
020 Индекс ISBN __
a ISBN 978-5-534-07561-8
c Цена, тираж 2429.00
040 Источник каталогиз. __
a Служба первич. каталог. ИКО Юрайт
c Служба, преобразующая запись ИКО Юрайт
e Правила каталог. RCR
041 Код языка издания __
a Код языка текста rus
044 Код страны публикации __
a Код страны публикации RU
080 Индекс УДК __
a Индекс УДК 616083(075.32)
084 Индекс другой классификации/Индекс ББК __
2 Источник индекса rubbk
a Индекс другой классификации/Индекс ББК 53.5я723
100 Автор __
a Автор Петров В. Н.
q Полное имя Петров Валерий Николаевич
245 Заглавие __
a Заглавие Сестринское дело в терапии
b Продолж. заглавия учебник для спо
c Ответственность В. Н. Петров, В. А. Лапотников, В. Л. Эмануэль, Н. Г. Петрова ; ответственный редактор В. Н. Петров.
250 Сведения об издании __
g испр. и доп
a Основные сведения об издании 2-е изд.
256 Характеристики компьютерного файла __
a Характеристики компьютерного файла Электрон. дан.
260 Выходные данные __
a Место издания Москва
b Издательство Юрайт
c Дата издания 2026
300 Физическое описание __
a Объем 475 с
440 Серия __
a Серия Профессиональное образование
500 Примечания __
a Примечание URL: https://urait.ru/bcode/585537 (дата обращения: 29.04.2026).
520 Аннотация __
a Аннотация В предлагаемом учебнике представлены вопросы правового регулирования организации работы медицинской сестры терапевтического профиля, дана характеристика различных методов лабораторной диагностики, описаны наиболее часто встречающиеся в терапевтической практике заболевания различных органов и систем. Издание дополнено приложениями, способствующими лучшему усвоению материалов учебника.
538 Прим. о системных особенностях __
a Прим. о системных особенностях Режим доступа: Электронно-библиотечная система Юрайт, для авториз. пользователей
653 Ключевые слова __
a Ключевые слова Сестринское дело. Первая медицинская помощь, реабилитация
653 Ключевые слова __
a Ключевые слова Медицина и фармакология
653 Ключевые слова __
a Ключевые слова Сестринское дело в терапии
653 Ключевые слова __
a Ключевые слова Госпитальная терапия, эндокринология
653 Ключевые слова __
a Ключевые слова Сестринский уход при различных заболеваниях и состояниях
653 Ключевые слова __
a Ключевые слова Основы терапии
653 Ключевые слова __
a Ключевые слова Безопасная среда для медсестры и пациента
653 Ключевые слова __
a Ключевые слова Сестринский уход при различных заболеваниях и состояниях: Сестринский уход при акушерско-гинекологических заболеваниях
653 Ключевые слова __
a Ключевые слова Сестринский уход при различных заболеваниях и состояниях: Сестринский уход при глазных заболеваниях
653 Ключевые слова __
a Ключевые слова Сестринский уход при различных заболеваниях и состояниях: Сестринский уход при заболеваниях нервной системы
653 Ключевые слова __
a Ключевые слова Сестринский уход при различных заболеваниях и состояниях: Сестринский уход при терапевтических заболеваниях
653 Ключевые слова __
a Ключевые слова Терапия
653 Ключевые слова __
a Ключевые слова Оказание медицинской помощи, осуществление сестринского ухода и наблюдения за пациентами при заболеваниях и состояниях
700 Другие авторы __
a Другие авторы Лапотников В. А.
q Полное имя Лапотников Виктор Александрович
700 Другие авторы __
a Другие авторы Эмануэль В. Л.
q Полное имя Эмануэль Владимир Леонидович
700 Другие авторы __
a Другие авторы Петрова Н. Г.
q Полное имя Петрова Наталия Гурьевна
856 Электронный адрес документа 40
n Местонахождение сервера Юрайт
g Электронная книга
q Тип электронного формата html
h Имя пользователя ЮРАЙТ
v Часы доступа к ресурсу 20271231
2 Способ доступа Показать документ
x Служебное примечание https://urait.ru/book/cover/4693657A-D137-4F90-B163-55056AF57F3A
u URL https://urait.ru/bcode/585537
856 Электронный адрес документа 48
q Тип электронного формата cover
u URL https://urait.ru/book/cover/4693657A-D137-4F90-B163-55056AF57F3A
911 __
u 0030=https://urait.ru/bcode/585537
911 __
u 073a=9785534075618
u 073d=2429.00
911 __
u 106a=s
911 __
u 900l=
952 Тип литературы __
i Дисциплина Сестринское дело в терапии
952 Тип литературы __
i Дисциплина Госпитальная терапия, эндокринология
952 Тип литературы __
i Дисциплина Сестринский уход при различных заболеваниях и состояниях
952 Тип литературы __
i Дисциплина Основы терапии
952 Тип литературы __
i Дисциплина Безопасная среда для медсестры и пациента
952 Тип литературы __
i Дисциплина Сестринский уход при различных заболеваниях и состояниях: Сестринский уход при акушерско-гинекологических заболеваниях
952 Тип литературы __
i Дисциплина Сестринский уход при различных заболеваниях и состояниях: Сестринский уход при глазных заболеваниях
952 Тип литературы __
i Дисциплина Сестринский уход при различных заболеваниях и состояниях: Сестринский уход при заболеваниях нервной системы
952 Тип литературы __
i Дисциплина Сестринский уход при различных заболеваниях и состояниях: Сестринский уход при терапевтических заболеваниях
952 Тип литературы __
i Дисциплина Терапия
952 Тип литературы __
i Дисциплина Оказание медицинской помощи, осуществление сестринского ухода и наблюдения за пациентами при заболеваниях и состояниях